000 01162nam a2200253 c 4500
001 000018766
003 RuMoIPM
005 20251017130300.0
008 021216s1992---- | c
020 _a523004151X
035 _arc\41932
040 _aRuMoIPM
_brus
_ercr
041 0 _arus
044 _aru
080 _a929
100 1 _aГудков, Дмитрий Андреевич
245 1 _aН. И. Лобачевский
_bЗагадки биографии
_cД. А. Гудков ; М-во науки, высш. шк. и техн. политики Рос. Федерации
260 _aНижний Новгород
_bИзд-во ННГУ
_c1992
300 _a239, [2] с
_bил.
500 _aВ прил.: Выписки из Полного собрания законов Российской империи и копии архивных документов. Воспоминания Н. Н. Лобачевского - сына Н. И. Лобачевского - о своем отце
504 _aБиблиогр. в примеч.: с. 88-90
600 1 _aЛобачевский, Николай Иванович
_2psbo
942 _cBK
999 _c18766
_d18766